000 01585nam a2200325 4500
005 20240530110959.0
008 230117s2022 ua f b 001 0 ara d
017 _a2021/29576
_bمصر. دار الكتب
020 _a9789770533949
040 _aEG-CaGPL
_cEG-CaGPL
082 0 4 _221
_a616.89
_bو م
245 0 0 _aمصنف وايلى فى علم النفس الايجابى الاكلينيكى =
_bThe Wiley Handbook of Positive Clinical Psychology /
_cتحرير اليكس وود، جوديث جونسون، احمد عمرو عبدالله ؛ ترجمة احمد عمرو عبدالله، احمد صابر الشركسى، راقية جلال الدويك
246 1 1 _aThe Wiley Handbook of Positive Clinical Psychology
250 _aالاولى
260 _aالقاهرة :
_bمكتبة الانجلو المصرية ،
_c2022.
300 _a955 ص. ؛
_c24 سم.
504 _aيشتمل على ارجاعات ببليوجرافية
650 0 7 _2qrmak
_aعلم النفس
650 0 7 _2qrmak
_aعلم النفس الايجابى
650 0 7 _2qrmak
_aعلم النفس الاكلينكى
651 _2qrmak
700 1 _aوود، اليكس
_eمحرر
700 1 _aجونسون، جوديث
_eمحرر مشارك
700 0 _aاحمد عمرو عبدالله
_eمحرر مشارك
700 0 _aاحمد عمرو عبدالله
_eمترجم
700 0 _aاحمد صابر الشركسى
_eمترجم مشارك
700 0 _aراقية جلال الدويك
_eمترجم مشارك
942 _2ddc
_cBK
999 _c67153
_d67153